The Malaysian system of government / (Record no. 1572)

000 -LEADER
fixed length control field nam a22 a 4500
003 - CONTROL NUMBER IDENTIFIER
control field AKMAl
005 - DATE AND TIME OF LATEST TRANSACTION
control field 20170511093213.0
008 - FIXED-LENGTH DATA ELEMENTS--GENERAL INFORMATION
fixed length control field 170511s1995 my 00 eng d
020 ## - INTERNATIONAL STANDARD BOOK NUMBER
Terms of availability Percuma
040 ## - CATALOGING SOURCE
Original cataloging agency AKMAL
Transcribing agency AKMAL
082 04 - DEWEY DECIMAL CLASSIFICATION NUMBER
Classification number 320.9595 MAH
090 ## - LOCALLY ASSIGNED LC-TYPE CALL NUMBER (OCLC); LOCAL CALL NUMBER (RLIN)
Classification number (OCLC) (R) ; Classification number, CALL (RLIN) (NR) 320.9595
Local cutter number (OCLC) ; Book number/undivided call number, CALL (RLIN) MAH
100 ## - MAIN ENTRY--PERSONAL NAME
Personal name Mahathir Mohamad,
Titles and words associated with a name Tun,
Dates associated with a name 1925-
9 (RLIN) 41
245 14 - TITLE STATEMENT
Title The Malaysian system of government /
Statement of responsibility, etc. by Dr. Mahathir bin Mohamad
260 ## - PUBLICATION, DISTRIBUTION, ETC.
Place of publication, distribution, etc. Kuala Lumpur :
Name of publisher, distributor, etc. Jabatan Perdana Menteri,
Date of publication, distribution, etc. 1995
300 ## - PHYSICAL DESCRIPTION
Extent 115p. ;
Dimensions 19cm
651 ## - SUBJECT ADDED ENTRY--GEOGRAPHIC NAME
Geographic name Malaysia
General subdivision Politics and government
9 (RLIN) 44
710 1# - ADDED ENTRY--CORPORATE NAME
Corporate name or jurisdiction name as entry element Malaysia.
Subordinate unit Jabatan Perdana Menteri
9 (RLIN) 3179
942 ## - ADDED ENTRY ELEMENTS (KOHA)
Source of classification or shelving scheme
Koha item type Book
Holdings
Withdrawn status Lost status Source of classification or shelving scheme Damaged status Not for loan Collection code Home library Current library Shelving location Date acquired Inventory number Total Checkouts Full call number Barcode Date last seen Price effective from Koha item type
          NON-FICTION AKMAL Melaka AKMAL Melaka PINJAMAN 11.05.2017 303441   320.9595 MAH 201702996 11.05.2017 11.05.2017 Book
          NON-FICTION AKMAL Melaka AKMAL Melaka PINJAMAN 11.05.2017 303442   320.9595 MAH 201702993 11.05.2017 11.05.2017 Book
Pusat Sumber Maklumat Dato' Haji Sarmin Md Hussin, Akademi Kastam Diraja Malaysia, Melaka
Tel: 06-2331106 | Faks: 06-2313787